Presentación y discurso de ingreso del Doctor Victoriano Campos Pardo, en su toma de posición como Académico Correspondiente
Uloženo v:
| Hlavní autoři: | , |
|---|---|
| Korporace: | , |
| Médium: | Kniha |
| Jazyk: | španělština |
| Vydáno: |
Madrid
Real Academia de Farmacia
1992
|
| Vydání: | 1a. ed |
| Témata: | |
| Tagy: |
Přidat tag
Žádné tagy, Buďte první, kdo vytvoří štítek k tomuto záznamu!
|
MARC
| LEADER | 00000cam a2200000 a 4500 | ||
|---|---|---|---|
| 001 | UCJ8780 | ||
| 003 | CL-VaPUC | ||
| 008 | 070124e19920618SP |||||||||||||||||spa|d | ||
| 082 | 0 | 4 | |a 865 |b CAM |2 21 |
| 100 | 0 | |a Campos Pardo, Victoriano |e author |9 518012 | |
| 700 | 0 | |a Portolés, Antonio |e author |9 518013 | |
| 110 | 2 | |a Real Academia de Farmacia |e author |9 518014 | |
| 710 | 2 | |a Instituto de España |e author |9 518015 | |
| 245 | 1 | 0 | |a Presentación y discurso de ingreso del Doctor Victoriano Campos Pardo, en su toma de posición como Académico Correspondiente |
| 250 | |a 1a. ed | ||
| 300 | |a 36 p | ||
| 942 | |c BK | ||
| 945 | |d 20070124 00:00:00 |a fvergara | ||
| 260 | |a Madrid |b Real Academia de Farmacia |c 1992 | ||
| 500 | |a Contiene una serie de ilustraciones, fotografías y tablas | ||
| 500 | |a El discurso de ingreso del, entonces, Decano de la Facultad de Ciencias Físicas y Matemáticas, don Victoriano Campos, se tituló: "Procariotas de ambientes extremos: Salar de Atacama, Chile". El agregado cultural de nuestro país | ||
| 650 | 0 | |a Discursos |9 265028 | |
| 650 | 0 | |a Archivo histórico PUCV |9 255554 | |
| 650 | 0 | |a Microbiología |9 259706 | |
| 650 | 0 | |a Académicos |x Pontificia Universidad Católica de Valparaíso (PUCV) |9 255553 | |
| 583 | |a last modification |c 20190826 11:01:24 |k Rodrigo Vera | ||
| 999 | |c 324432 |d 324430 | ||
| 952 | |0 0 |1 0 |4 0 |6 865_000000000000000_CAM_1992 |7 0 |8 X |9 404543 |a FDOBUD |b FDOBUD |d 2019-11-22 |i 1083902 |o 865 CAM 1992 |p 1083902 |r 2019-11-22 |w 2019-11-22 |y BK_X |k FHP | ||
| 952 | |0 0 |1 0 |3 erb |4 0 |6 865_000000000000000_CAM_1992 |7 0 |8 X |9 404544 |a FDOBUD |b FDOBUD |i 5032644 |o 865 CAM 1992 |p 5032644 |r 2019-11-22 |w 2019-11-22 |y BK_X |z Catalogado en:20140724 |k FHP | ||